000
00304nam a22001337a 4500
008
171201b xxu||||| |||| 00| 0 eng d
020
_a
01950489-x
041
_a
eng
080
_2
2ND
_a
37
100
_a
46
101
_a
EDU
245
_a
A RHETORIC FOR WRITING TEACHERS
_c
LINDEMAN,E
942
_2
udc
_c
BK
999
_c
38657
_d
38657